000 00320nam a22001457a 4500
008 210517b ||||| |||| 00| 0 eng d
020 _a9781101874769
041 _aeng
080 _a94
082 _a94
100 _a16
101 _aSHH
245 _aThe English and Their History
_cRobert Tombs
942 _2udc
_cBK
999 _c57367
_d57367